| 000 | 00677nam a2200205Ia 4500 | ||
|---|---|---|---|
| 005 | 20250508161049.0 | ||
| 008 | 008 250505s9999 xx 000 0 eng d | ||
| 037 | _aTextual | ||
| 040 |
_aFEDL _beng _cFEDL |
||
| 041 |
_aeng _2eng |
||
| 084 |
_a372.21, WOO _qFEDL |
||
| 100 | _aWoodhead Martin | ||
| 245 | 0 | _aPre-school education in Western Eurpoe: Issues, policiies and trends: A report of the Council of Europe's project on pre-school education. | |
| 260 |
_aLondon, UK _bLongmans, Green and Co. _c1979 |
||
| 300 | _a155p. | ||
| 365 |
_aGBP _b4.5 |
||
| 650 |
_aPre-school education _9759865 |
||
| 942 |
_cTEXL _h372.21, WOO |
||
| 999 |
_c1368216 _d1368216 |
||